00823 2200277 4500001002100000005001700021008004100038020001800079035002500097040001200122082001100134090001800145100001400163245011600177250001100293260008100304300002600385500001100411500003100422650002700453700001400480700001100494850001200505990001400517990001400531YOGYA-0209000000267120150303135848.0 ind  a979-97661-1-7 a0010-020900000002671 aYOPDYOG a297.77 a297.77bHuj P aHUJAIR AH aParadigma pendidikan Islamb: membangun masyarakat madani Indonesiac/ Hujair AH, Sanaky ; penyunting, M Lukman aCet. 1 aYogyakartabSafiria Insani Press bekerja sama Magister Studi Islam UIIc2003 axvi,.342 hlm.b22 cm. aIndeks aBibliografi : hlm. 305-330 aPendidikan Agama Islam aLukman, M aSanaky aYOPDYOG a3226-B.04 a3225-B.04